000 00315nam a22001337a 4500
008 170403b xxu||||| |||| 00| 0 eng d
020 _a9780262562195
041 _aeng
080 _a574
100 _a9
101 _aSHM
245 _aHUMAN RELATION SHIPS NATURE AND THE BUILT ENVIROMENT
_cFOX.W
942 _2udc
_cBK
999 _c9518
_d9518